| 000 | 01174cam a2200361 i 4500 | ||
|---|---|---|---|
| 001 | 200463488 | ||
| 003 | TR-AnTOB | ||
| 005 | 20260313144817.0 | ||
| 007 | ta | ||
| 008 | 250224s2024 enk b 001 0 eng c | ||
| 010 | _a2017964392 | ||
| 020 |
_a9780192848642 _q(paperback) |
||
| 035 | _a(OCoLC)1435704641 | ||
| 035 | _a(TR-AnTOB)200463488 | ||
| 040 |
_aSISMU _beng _erda _cSISMU _dYDX _dQGK _dOCLCO _dGUL _dNLVRD _dSHS _dGRG _dPLL _dTR-AnTOB |
||
| 041 | 0 | _aeng | |
| 050 | 4 |
_aKZ1242 _b.I574 2024 |
|
| 090 |
_aKZ1242 _b.I574 2024 |
||
| 245 | 0 | 0 |
_aInternational law / _cedited by Malcolm D. Evans, Principal, Regent's Park College, Oxford. |
| 250 | _aSixth edition. | ||
| 264 | 1 |
_aOxford, United Kingdom : _bOxford University Press, _c2024. |
|
| 300 |
_alxxxii, 940 pages ; _c25 cm |
||
| 336 |
_atext _btxt _2rdacontent |
||
| 337 |
_aunmediated _bn _2rdamedia |
||
| 338 |
_avolume _bnc _2rdacarrier |
||
| 500 | _aPrevious edition: 2018. | ||
| 504 | _aBIBINDX | ||
| 650 | 0 |
_aInternational law _9117682 |
|
| 700 | 1 |
_aEvans, Malcolm D., _q(Malcolm David), _d1959- _eeditor _973384 |
|
| 942 |
_2lcc _cRESERVE 1D |
||
| 999 |
_c200463488 _d81700 |
||